000 00551cam a2200193 4500
001 ABS61962
008 000000n2000 000 0 eng u
035 _a(Sirsi) u104667
100 _aFlaxman, R.
245 _aHow to get the best deal from your insurance broker
260 _c2000
490 _aCSM (Chartered Surveyor Monthly)
_vMarch 2000 32(1)
520 _aExplains how to get good value from your insurance broker.
590 _aABS
650 _aINSURANCE BROKERS
650 _aCOMMISSION
690 _aInsurance
_96249
942 _n0
999 _c62798
_d62798